000 00612nam a2200229Ia 4500
003 OSt
005 20221007064546.0
006 a|||||r|||| 00| 0
007 ta
008 221006b |||||||| |||| 00| 0 eng d
024 _a15,695
037 _cTextual
040 _aFLL
_cFLL
_beng
041 _2eng
_aeng
082 _aX65.2, M7
100 _aAgarwal R.K.
245 0 _aGuide to inter-corporate loans deposits and investments
260 _aDelhi
_bHind Law Publishers India
_c1987
300 _a280p
_ccm.
942 _hX65.2, M7
_cTEXL
_2CC
999 _c1134462
_d1134462